| 000 | 00564nam a22001817a 4500 | ||
|---|---|---|---|
| 005 | 20241031112642.0 | ||
| 008 | 241031b |||||||| |||| 00| 0 eng d | ||
| 020 | _a9780070293526 | ||
| 050 | _aQA37.2 HOF | ||
| 100 | _aHoffman, Laurence D. | ||
| 245 |
_aFinite Mathematics with calculus _cLaurence D. Hoffman & Gerald L. Bradley |
||
| 250 | _a2nd Ed. | ||
| 260 |
_aNew York _bMcGraw- Hill, Inc _c1995 |
||
| 300 |
_axvii.1018pages _bill. some color _c24cm |
||
| 650 | _2Finite mathematics and calculus | ||
| 700 | _aBradley, Gerald L. | ||
| 942 |
_2lcc _cBK _e2nd Ed. _n0 |
||
| 999 |
_c442 _d442 |
||